Регионална библиотека "Любен Каравелов" - Русе

Лекции по реторика (Запис номер 206248)

MARC детайли
000 -Лидер
Контролно поле с фиксирана дължина nam a22 a 4500
003 - Код на организацията, давaща контролен номер
Контролно поле BLK
005 - Дата и час на последна редакция
Контролно поле 20221201181721.0
008 - Елементи от данни с фиксирана дължина
fixed length control field 180411b bul|||||r ||||||| ||bul||
010 ## - Наследен системен номер
LC control number KNG00215997000
040 ## - Източник на каталожния запис
Идентификатор на билиотеката - собственик на записа BLK
041 ## - Код за език
Код за езика на текст/звукозапис или на отделно заглавие Български
Код за езика КДБФ Български
080 ## - УДК
Текстов определител УДК Ораторско изкуство. Красноречие. Дебати. Публични дискусии. Психология на слушателя
УДК код - определител по УДК 808.51
УДК определител (075.81)
УДК - код + определител 808.51(075.81)
080 ## - УДК
Текстов определител УДК Извънучилищно образование на възрастни
УДК код - определител по УДК 374.7
УДК определител (075.81)
УДК - код + определител 374.7(075.81)
100 1# - Редна дума - Автор
Автор Александрова, Донка
Авторска отговорност първи автор
R(LIN) 374010
139 ## - Редно поле
Редна дума Лекции по реторика
Авторски знак Лекц - Л 43
245 10 - Сведения за заглавието
Заглавие Лекции по реторика
Подзаглавни данни Сборник за студентите от СУ Климент Охридски
Редно поле (дума) Донка Александрова
257 ## - Страна на издаване
Страна на създаване/издаване България
260 ## - Област на издателските данни
Място на издаване, разпространение и проч. София
Име на издателя, разпространителя и проч. СУ Климент Охридски
Година на издаване 1978
300 ## - Физическа характеристика
Страници 344 с.
Размери/Мащаб 22 см
380 ## - Жанр
Жанр Литературознание
500 ## - Общи забележки
Забележка Други авт.: Д. Спасов, К. Василев, Г. З. Апресян, Б. Ценков, А. А. Старченко, Ст. Горчев, П. Пенчев, П. Кандев, А. Н. Куницин, Хр. Първев, М. Младенов, Й. Ведър, В. Метев, Д. Павлов, Б. Богданов, Й. Ватев, Л. Симеонова, И. Кюльовски, отбелязани в съдърж Изд. на СУ Климент Охридски. Фак. за подготовка на лектори, пропагандисти и агитатори. Кат. реторика. - Офс. изд. - 1 000 тир.
650 #4 - Допълнително описание по предмет – тема
Основно описание – тема или топоним Красноречие
9 (RLIN) 159671
852 ## - Местоположение
Форматна сигнатура Цб 96470
Фондова буква Хранилище
856 4# - Електронен адрес и достъп
Електронен формат pdf - файл
Инструкция (цена за достъп) 0.00
Права за достъп disable
999 ## - СИСТЕМНИ КОНТРОЛНИ НОМЕРА
Koha biblionumber 206248
Koha biblioitemnumber 206248
942 ## - АРТИКУЛИ
Вид на библиотечния материал Книги
Скрит в OPAC Не
Koha issues (borrowed), all copies 1
Периодичен библиозапис Да
944 ## - СЪЗДАВАНЕ И РЕДАКЦИЯ на ЗАПИСА
Създаване/Редакция Създаване
Дата на регистрацията/редакция 09.02.2018
Служител, извършил регистрацията/редакцията Грета_Цуфелде
944 ## - СЪЗДАВАНЕ И РЕДАКЦИЯ на ЗАПИСА
Създаване/Редакция Редакция
Дата на регистрацията/редакция 09.02.2018
Служител, извършил регистрацията/редакцията Грета_Цуфелде
Наличности
Код за отписване Код за изгубен артикул Източник на класификационната схема Код за повреда Коз за рестрикции Код за отдаване Артикулен № Име на библиотеката - собственик Име на библиотеката, в която се намира в момента Статус (Текущо местоположение) Дата на вписване в системата Местоположение - отдел Цена в лева Инвентарен номер Систематично азбучна сигнатура Баркод Номер на екземпляра Цена в евро Служебна бележка Служебен тип на артикула
  Не е изгубен Universal Decimal Classification Не е повреден само за читалня ползва се в читалня 354709 Регионална библиотека "Любен Каравелов" Русе Регионална библиотека "Любен Каравелов" Русе Хранилище 1978-01-01 Хранилище 1.19 273959 Цб 96470 120000273959 1 0.61 N: стар фонд Дата: 01.01.1978 Книги
Изтеглен Не е изгубен Universal Decimal Classification Не е повреден без рестрикции заемане за дома 354710 Регионална библиотека "Любен Каравелов" Русе Регионална библиотека "Любен Каравелов" Русе Заемна - подръчен фонд 1978-01-01 Заемна - подръчен фонд 1.19 275449 П 82.0/Л 43 275449 2 0.61 N: стар фонд Дата: 01.01.1978 Книги
Изтеглен Не е изгубен Universal Decimal Classification Не е повреден без рестрикции заемане за дома 354711 Регионална библиотека "Любен Каравелов" Русе Регионална библиотека "Любен Каравелов" Русе Заемна - подръчен фонд 1978-01-01 Заемна - подръчен фонд 1.19 275451 82.01/.09/Л 43 275451 3 0.61 N: стар фонд Дата: 01.01.1978 Дата инв: 12.02.2018 Бележки инв: П2018 Книги
Изтеглен Не е изгубен Universal Decimal Classification Не е повреден без рестрикции заемане за дома 354712 Регионална библиотека "Любен Каравелов" Русе Регионална библиотека "Любен Каравелов" Русе Заемна - подръчен фонд 1978-01-01 Заемна - подръчен фонд 1.19 275452 П 82.0/Л 43 275452 4 0.61 N: стар фонд Дата: 01.01.1978 Книги
Vip Innovations Ltd, Rousse, Bulgaria 2025